[Event "Bergamo op"]
[Site "Bergamo"]
[Date "2007.10.19"]
[Round "3"]
[White "Salcedo, Cancio Luis E"]
[Black "Guerini, Matteo"]
[Result "1-0"]
[WhiteElo "1614"]
[BlackElo "1440"]
[PlyCount "91"]
[EventDate "2007.10.05"]
[EventType "swiss"]
[EventRounds "7"]
[EventCountry "ITA"]
[SourceTitle "EXT 2009"]
[Source "ChessBase"]
[SourceDate "2008.11.26"]
[SourceVersion "1"]
[SourceVersionDate "2008.11.26"]
[SourceQuality "1"]

1. e4 d5 2. exd5 Qxd5 3. Nc3 Qa5 4. d4 c6 5. Bd2 Bf5 6. Nf3 Nd7 7. Bc4 Ngf6 8. Ne4 Qb6 9. Nxf6+ Nxf6 10. Bb3 e6 11. 0-0 Bd6 12. h3 h6 13. Re1 0-0 14. c4 Qc7 15. Rc1 Bf4 16. Ne5 Bxd2 17. Qxd2 Rfe8 18. g4 Bg6 19. Nxg6 fxg6 20. g5 Nh5 21. Re4 Qf7 22. gxh6 Re7 23. Rce1 Rae8 24. Qg5 Qf5 25. h7+ Kh8 26. Qxf5 gxf5 27. Re5 g6 28. d5 cxd5 29. cxd5 Nf4 30. R1e3 Rxh7 31. dxe6 Nxh3+ 32. Kg2 Nf4+ 33. Kg1 Ree7 34. Rc5 Rh4 35. Rc8+ Kg7 36. Rd8 Kf6 37. Rf8+ Kg5 38. Rg3+ Rg4 39. Rxg4+ Kxg4 40. Rf7 Re8 41. e7 Kf3 42. Bd1+ Ke4 43. f3+ Ke5 44. Ba4 Rc8 45. e8Q+ Kd4 46. Qxc8 1-0

[Event "Bergamo op"]
[Site "Bergamo"]
[Date "2007.10.05"]
[Round "1"]
[White "Guerini, Matteo"]
[Black "Riggio, Mauro"]
[Result "0-1"]
[WhiteElo "1440"]
[BlackElo "1811"]
[PlyCount "54"]
[EventDate "2007.10.05"]
[EventType "swiss"]
[EventRounds "7"]
[EventCountry "ITA"]
[SourceTitle "EXT 2009"]
[Source "ChessBase"]
[SourceDate "2008.11.26"]
[SourceVersion "1"]
[SourceVersionDate "2008.11.26"]
[SourceQuality "1"]

1. d4 d5 2. a3 Nf6 3. Nc3 c6 4. h3 Nbd7 5. Rb1 e6 6. h4 c5 7. e3 a6 8. g3 Bd6 9. Bd2 Qc7 10. Qf3 b5 11. Bd3 Bb7 12. Rh3 0-0 13. Qh1 e5 14. dxe5 Nxe5 15. e4 c4 16. Nxd5 Nxd5 17. exd5 cxd3 18. c3 Rfe8 19. Kf1 Nc4 20. Bg5 Nxb2 21. Qf3 Qxc3 22. h5 f6 23. Bf4 Bxf4 24. gxf4 Qd4 25. Qg4 Bc8 26. Qg2 d2 27. Ne2 d1Q+ 0-1